| 000 | 00611nam a22002057a 4500 | ||
|---|---|---|---|
| 003 | BD-DhJNU | ||
| 005 | 20250430042747.0 | ||
| 008 | 250430b |||||||| |||| 00| 0 eng d | ||
| 020 | _a0072832258 | ||
| 040 |
_aBD-DhJNU _bENG _cBD-DhJNU _dBD-DhJNU |
||
| 082 |
_223 _a306 KOC |
||
| 100 | _aKottak, Conrad Phillip | ||
| 245 |
_aCultural anthropology / _cConrad Phillip Kottak |
||
| 250 | _a10th ed. | ||
| 260 |
_aNew York : _bMc Graw Hill, _c2004. |
||
| 300 |
_avarious in paging : _bill. ; _c26 cm. |
||
| 504 | _aIncludes bibliographical references and index | ||
| 650 | _aAnthropology | ||
| 942 |
_2ddc _cBK _n0 |
||
| 999 |
_c1642 _d1642 |
||